000 01188cam a2200229 4500
001 L136558
008 070207n2007 000 0 eng u
035 _a(Sirsi) u136558
041 0 _aeng
050 0 4 _a711.52 $2 18
110 1 _aUnited Kingdom
_bDepartment for Communities and Local Government
_94939
245 0 0 _aDevelopment and implementation of Business Improvement Districts
_h[electronic resource]
260 _aLondon
_bDCLG
_c2007
505 2 _aFactors determining BID development -- Characteristics of BID and non-BID areas -- BID activities and achievements -- BID management and governance -- Key findings of the research.
520 _aPresents findings of research into Business Improvement Districts (BIDs). It explores factors that drive the establishment of BIDs, the characteristics and progress to date of current BIDs, and what the future potential of BIDs might be.
590 _aKA
650 2 4 _aBUSINESS IMPROVEMENT DISTRICTS
651 4 _aEngland
_y886-
690 _aPROPERTY-PROPERTY MANAGEMENT-REGENERATION
856 4 0 _uhttps://www.communities.gov.uk/index.asp?id=1505964
_zView the report free of charge at www.communities.gov.uk...
942 _n0
999 _c106430
_d106430